000 01501cam a2200409 a 4500
001 14065820
003 OSt
005 20180116183027.0
008 050805s2006 nyu 000 1 eng
010 _a 2005051946
020 _a0385336691
020 _a9780385336697
035 _a(OCoLC)ocm61285702
040 _aDLC
_cDLC
_dBAKER
_dC#P
_dVP@
_dDLC
043 _an-us-ny
050 0 0 _aPS3553.H4838
_bH37 2006
082 0 0 _a813.54 CHI 2007
_222
100 1 _aChild, Lee.
245 1 4 _aThe Hard way
_cLee Child.
260 _aNew York :
_bDelacorte Press,
_c2006.
300 _a477 p. ;
_c24 cm.
_bPB
440 _aThe Hard way
490 0 _aReacher series ;
_v10
500 _aA Reacher novel
650 0 _aReacher, Jack (Fictitious character)
_vFiction.
650 0 _aEx-police officers
_vFiction.
650 0 _aMercenary troops
_vFiction.
650 0 _aKidnapping
_vFiction.
651 0 _aNew York (N.Y.)
_vFiction.
655 7 _aSuspense fiction.
_2gsafd
856 4 2 _3Contributor biographical information
_uhttp://www.loc.gov/catdir/enhancements/fy0625/2005051946-b.html
856 4 2 _3Publisher description
_uhttp://www.loc.gov/catdir/enhancements/fy0625/2005051946-d.html
856 4 1 _3Sample text
_uhttp://www.loc.gov/catdir/enhancements/fy0664/2005051946-s.html
906 _a7
_bcbc
_corignew
_d1
_eocip
_f20
_gy-gencatlg
942 _2ddc
_cBK
999 _c350865
_d350865